00898 2200313 4500001002100000005001700021008004100038020002200079035002500101040001200126082001100138084001700149090001700166100002800183245007000211250001100281260004100292300004500333500003100378650003800409700001700447850001200464990001800476990001800494990001800512990001800530990001800548990001800566INLIS00000000000318920150618083240.0  a978-979-769-576-7 a0010-041500000000255 aYOPDYOG a510.07 a510.07 Ali P a510.07 Ali P aALI HAMZAH, H.M., 1948- aPerencanaan dan strategi pembelajaran matematikacH.M. ALI HAMZAH aCet. 2 aJakartabRaja Grafindo Persadac2014 axxi, 371 hlm.b: ilus. ;c24 cm [3 eks.] aBibliografi : hlm. 359-360 aMatematika - Studi dan pengajaran aMuhlisrarini aYOPDYOG a10686-PD/B.15 a10687-PD/B.15 a10688-PD/B.15 a10686-PD/B.15 a10687-PD/B.15 a10688-PD/B.15